[Event "2. Bundesliga West 2017/18"]
[Site "OMICRON Electronics"]
[Date "2017.12.03"]
[Round "5"]
[Board "4"]
[White "Heinrich, Thomas"]
[Black "Brehovsky, Paul"]
[Result "1/2-1/2"]
[WhiteElo "2148"]
[BlackElo "2133"]
[PlyCount "59"]
[EventDate "2017.10.13"]
[EventType "team"]
[EventRounds "11"]
[EventCountry "AUT"]
[WhiteTeam "Jenbach 2"]
[BlackTeam "Ranshofen"]

1. d4 e6 2. g3 Nf6 3. Bg2 d5 4. c4 c6 5. Nf3 Bb4+ 6. Bd2 Bd6 7. Qc2 Nbd7 8. O-O
O-O 9. b3 Qe7 10. Nc3 b6 11. e4 Nxe4 12. Nxe4 dxe4 13. Qxe4 Bb7 14. Ne5 Nf6 15.
Qe2 c5 16. Bxb7 Qxb7 17. Bc3 cxd4 18. Bxd4 Be7 19. Rad1 Rad8 20. Rd3 h6 21. Nf3
Rd6 22. Bxf6 Rxd3 23. Bxe7 Qxf3 24. Qxf3 Rxf3 25. Bxf8 Kxf8 26. Rd1 Ke7 27. Kf1
Rc3 28. Ke2 Rc2+ 29. Rd2 Rc1 30. h4  1/2-1/2

[Event "2. Bundesliga West 2017/18"]
[Site "OMICRON Electronics"]
[Date "2017.12.03"]
[Round "5"]
[Board "5"]
[White "Kuecher, Wolfgang"]
[Black "Kondrak, Christof"]
[Result "0-1"]
[WhiteElo "2123"]
[BlackElo "2146"]
[PlyCount "70"]
[EventDate "2017.10.13"]
[EventType "team"]
[EventRounds "11"]
[EventCountry "AUT"]
[WhiteTeam "Ranshofen"]
[BlackTeam "Jenbach 2"]

1. d4 d5 2. c4 e6 3. Nf3 Nf6 4. e3 Be7 5. Bd3 O-O 6. O-O a6 7. Nbd2 dxc4 8.
Nxc4 b5 9. Nce5 Bb7 10. a4 b4 11. Qc2 c5 12. dxc5 Qd5 13. Bd2 Qxc5 14. Qxc5
Bxc5 15. Rac1 Rc8 16. Ng5 h6 17. Ngxf7 Nbd7 18. Bc4 Bd5 19. Bxd5 exd5 20. Rc2
Re8 21. Rfc1 b3 22. Rxc5 Nxc5 23. Rxc5 Rec8 24. Rxc8+ Rxc8 25. f3 Rc2 26. Bb4
Rxb2 27. Bc3 Ra2 28. Nd6 b2 29. Bxb2 Rxb2 30. Nd3 Rb1+ 31. Kf2 Nd7 32. Nf5 Ra1
33. Ne7+ Kf7 34. Nxd5 Ra2+ 35. Kg3 Rd2  0-1

[Event "2. Bundesliga West 2017/18"]
[Site "OMICRON Electronics"]
[Date "2017.12.03"]
[Round "5"]
[Board "6"]
[White "Stangl, Anita"]
[Black "Doppelhammer, Herbert"]
[Result "1-0"]
[WhiteElo "2042"]
[BlackElo "2017"]
[PlyCount "101"]
[EventDate "2017.10.13"]
[EventType "team"]
[EventRounds "11"]
[EventCountry "AUT"]
[WhiteTeam "Jenbach 2"]
[BlackTeam "Ranshofen"]

1. e4 c6 2. d4 d6 3. Nf3 Bg4 4. Be2 Nf6 5. Nc3 e6 6. O-O Be7 7. Bf4 O-O 8. h3
Bh5 9. Re1 d5 10. e5 Nfd7 11. g4 Bg6 12. Bg3 a6 13. a3 c5 14. dxc5 Nxc5 15. b4
Ncd7 16. Bd3 Nc6 17. h4 Rc8 18. h5 Bxd3 19. Qxd3 b5 20. Nd1 Nb6 21. Ne3 Na4 22.
Nd2 Bh4 23. Bh2 f6 24. Nf3 fxe5 25. Nxh4 Qxh4 26. Bg3 Qg5 27. c3 d4 28. cxd4
Nxd4 29. Kg2 Nf3 30. Rec1 Rcd8 31. Qb3 Nd4 32. Qa2 Nb6 33. Rc7 Nd5 34. Nxd5
exd5 35. Re1 e4 36. Rxe4 Qf6 37. Rf4 Qb6 38. Rxf8+ Kxf8 39. Be5 Ne6 40. Rc3 Ke7
41. Bg3 g5 42. Qc2 Rf8 43. Rc6 Qd4 44. Bd6+ Kd7 45. Bxf8 Qxg4+ 46. Kf1 Qh3+ 47.
Ke1 Qh1+ 48. Kd2 Nxf8 49. Rc7+ Ke6 50. Qc6+ Ke5 51. Re7+  1-0

[Event "2. Bundesliga West 2017/18"]
[Site "Kufstein; NMS II, Sporthalle Fischergries"]
[Date "2018.01.12"]
[Round "6"]
[Board "1"]
[White "Doskocil, Klaus"]
[Black "Frank, Emanuel"]
[Result "0-1"]
[WhiteElo "2239"]
[BlackElo "2165"]
[PlyCount "80"]
[EventDate "2017.10.13"]
[EventType "team"]
[EventRounds "11"]
[EventCountry "AUT"]
[WhiteTeam "Pradl"]
[BlackTeam "ASK Salzburg"]

1. e4 e5 2. Nf3 Nc6 3. Bb5 a6 4. Ba4 Nf6 5. O-O Be7 6. Re1 b5 7. Bb3 d6 8. c3
O-O 9. h3 Na5 10. Bc2 c5 11. d4 Qc7 12. Nbd2 cxd4 13. cxd4 Nc6 14. d5 Nb4 15.
Bb3 Bd7 16. Nf1 a5 17. a3 Na6 18. Bg5 Nc5 19. Bc2 h6 20. Bd2 Rfc8 21. Ng3 Nh7
22. Nh2 Bg5 23. Rf1 Nf8 24. Bxg5 hxg5 25. Qh5 f6 26. h4 gxh4 27. Qxh4 Ng6 28.
Qh5 Nf4 29. Qf3 Nb7 30. Rac1 b4 31. Rfd1 Qc5 32. Ng4 b3 33. Bxb3 Qxc1 34. Rxc1
Rxc1+ 35. Kh2 Kf7 36. Nf5 Bxf5 37. exf5 Rh8+ 38. Kg3 Nh5+ 39. Kh2 Rh1+ 40. Kxh1
Ng3+  0-1

[Event "2. Bundesliga West 2017/18"]
[Site "Kufstein; NMS II, Sporthalle Fischergries"]
[Date "2018.01.12"]
[Round "6"]
[Board "2"]
[White "Luncescu, Christian"]
[Black "Everett, Elijah"]
[Result "0-1"]
[WhiteElo "2192"]
[BlackElo "2190"]
[PlyCount "118"]
[EventDate "2017.10.13"]
[EventType "team"]
[EventRounds "11"]
[EventCountry "AUT"]
[WhiteTeam "ASK Salzburg"]
[BlackTeam "Pradl"]

1. e4 c5 2. Nc3 d6 3. g3 g6 4. Bg2 Bg7 5. d3 Nc6 6. Be3 e6 7. Qd2 Rb8 8. Nge2
Nd4 9. Nd1 b5 10. c3 Nxe2 11. Qxe2 Ba6 12. Qd2 b4 13. c4 Ne7 14. Rc1 Nc6 15.
Bh6 O-O 16. h4 Bxh6 17. Qxh6 Qf6 18. h5 Qg7 19. Qxg7+ Kxg7 20. hxg6 hxg6 21.
Ne3 Rh8 22. Kd2 Rxh1 23. Rxh1 Bc8 24. b3 a5 25. Nc2 a4 26. f4 e5 27. Bh3 Bxh3
28. Rxh3 axb3 29. axb3 Na5 30. Na1 Ra8 31. Rh1 Nc6 32. Nc2 Nd4 33. Nxd4 exd4
34. Rc1 Ra3 35. Rc2 Rxb3 36. Ra2 Kf6 37. Ra6 Ke7 38. Ra7+ Ke6 39. f5+ gxf5 40.
exf5+ Kxf5 41. Rxf7+ Ke6 42. Rf8 Rb2+ 43. Kc1 Rg2 44. Rg8 b3 45. Re8+ Kf5 46.
Rd8 b2+ 47. Kb1 Ke6 48. Re8+ Kf7 49. Rd8 Ke7 50. Rg8 Rd2 51. g4 Rxd3 52. g5 Rc3
53. g6 Rxc4 54. g7 Kf7 55. Rd8 Kxg7 56. Rxd6 Rb4 57. Rd5 Rb5 58. Rg5+ Kf6 59.
Rg1 Ke5  0-1

[Event "2. Bundesliga West 2017/18"]
[Site "Kufstein; NMS II, Sporthalle Fischergries"]
[Date "2018.01.12"]
[Round "6"]
[Board "3"]
[White "Matt, Stefan"]
[Black "Juergens, Klaus"]
[Result "1/2-1/2"]
[WhiteElo "2151"]
[BlackElo "2102"]
[PlyCount "83"]
[EventDate "2017.10.13"]
[EventType "team"]
[EventRounds "11"]
[EventCountry "AUT"]
[WhiteTeam "Pradl"]
[BlackTeam "ASK Salzburg"]

1. e4 c5 2. Nc3 Nc6 3. Bb5 Nd4 4. Nf3 a6 5. Bd3 g6 6. Nxd4 cxd4 7. Ne2 Bg7 8.
c3 dxc3 9. dxc3 d5 10. exd5 Qxd5 11. Nf4 Qe5+ 12. Be3 Nf6 13. Ne2 O-O 14. Qc2
Bf5 15. Bxf5 Qxf5 16. Qxf5 gxf5 17. Rd1 Rfd8 18. O-O Nd5 19. Bc1 Kf8 20. Ng3 e6
21. Rfe1 Nf6 22. Be3 Rxd1 23. Rxd1 Ke8 24. Bg5 Rc8 25. Rd6 Nd7 26. Rd1 h6 27.
Bf4 Rc4 28. Bd6 Be5 29. Nf1 Bxd6 30. Rxd6 Re4 31. Rd2 Ke7 32. f3 Re1 33. Kf2
Ra1 34. b3 f4 35. g3 fxg3+ 36. hxg3 Nf6 37. Ne3 Rh1 38. Nf1 Rh5 39. c4 Nd7 40.
g4 Rc5 41. Ng3 Nf6 42. Ke3  1/2-1/2

[Event "2. Bundesliga West 2017/18"]
[Site "Kufstein; NMS II, Sporthalle Fischergries"]
[Date "2018.01.12"]
[Round "6"]
[Board "4"]
[White "Scheiblmaier, Robert"]
[Black "Sucher, Johannes"]
[Result "1/2-1/2"]
[WhiteElo "2183"]
[BlackElo "2068"]
[PlyCount "108"]
[EventDate "2017.10.13"]
[EventType "team"]
[EventRounds "11"]
[EventCountry "AUT"]
[WhiteTeam "ASK Salzburg"]
[BlackTeam "Pradl"]

1. d4 d5 2. c4 dxc4 3. Nf3 Nf6 4. e3 e6 5. Bxc4 Be7 6. Nc3 O-O 7. O-O b6 8. Qe2
Bb7 9. Rd1 Nbd7 10. b3 Ne4 11. Nxe4 Bxe4 12. Bb2 Bd6 13. Ne5 Qe7 14. f3 Bb7 15.
Nxd7 Qxd7 16. Ba6 Bxa6 17. Qxa6 f5 18. Ba3 Rad8 19. Rac1 Bxa3 20. Qxa3 c5 21.
dxc5 Qxd1+ 22. Rxd1 Rxd1+ 23. Kf2 bxc5 24. Qxa7 Rf6 25. Qb8+ Kf7 26. Qc7+ Kg6
27. a4 Kh6 28. Qxc5 Rd2+ 29. Kf1 Rg6 30. g3 Rxh2 31. Qe5 Ra2 32. a5 Rf6 33. b4
Kg6 34. f4 Kh5 35. Qc3 Kg4 36. b5 Rh6 37. Qxg7+ Kf3 38. Qb7+ Kxg3 39. a6 Rhh2
40. Qg7+ Kf3 41. Qb7+ Kxe3 42. Qb6+ Kf3 43. Qb7+ Kxf4 44. Qc7+ e5 45. Qc1+ Ke4
46. Qc4+ Kf3 47. Qc3+ Kg4 48. Kg1 Rhe2 49. b6 f4 50. b7 f3 51. b8=Q Rg2+ 52.
Kf1 Raf2+ 53. Ke1 Re2+ 54. Kf1 Rgf2+  1/2-1/2

[Event "2. Bundesliga West 2017/18"]
[Site "Kufstein; NMS II, Sporthalle Fischergries"]
[Date "2018.01.12"]
[Round "6"]
[Board "5"]
[White "Praxmarer, Christian"]
[Black "Herrmann, Michael"]
[Result "1/2-1/2"]
[WhiteElo "1974"]
[BlackElo "2079"]
[PlyCount "78"]
[EventDate "2017.10.13"]
[EventType "team"]
[EventRounds "11"]
[EventCountry "AUT"]
[WhiteTeam "Pradl"]
[BlackTeam "ASK Salzburg"]

1. f4 d5 2. Nf3 Nf6 3. d3 c5 4. g3 Nc6 5. Bg2 g6 6. O-O Bg7 7. c3 O-O 8. Qe1 b6
9. Ne5 Bb7 10. Na3 Nd7 11. Nxc6 Bxc6 12. Nc2 e6 13. e4 dxe4 14. dxe4 Qc7 15. e5
Bxg2 16. Kxg2 Qc6+ 17. Kg1 f6 18. exf6 Rxf6 19. Ne3 Re8 20. Qd1 e5 21. Qb3+ Kh8
22. Qd5 exf4 23. gxf4 Qxd5 24. Nxd5 Rf7 25. Bd2 Nf6 26. Nxf6 Rxf6 27. Rae1 Rfe6
28. Rxe6 Rxe6 29. Re1 Rxe1+ 30. Bxe1 Bh6 31. Bd2 Kg7 32. Kg2 Kf6 33. c4 Kf5 34.
Kf3 a6 35. b3 Bg7 36. a4 Bd4 37. h3 Bg1 38. Bc3 Bh2 39. Bd2 Bg1  1/2-1/2

[Event "2. Bundesliga West 2017/18"]
[Site "Kufstein; NMS II, Sporthalle Fischergries"]
[Date "2018.01.12"]
[Round "6"]
[Board "6"]
[White "Loeffler, Christoph"]
[Black "Niedermair, Hannes"]
[Result "1/2-1/2"]
[WhiteElo "2091"]
[BlackElo "1971"]
[PlyCount "60"]
[EventDate "2017.10.13"]
[EventType "team"]
[EventRounds "11"]
[EventCountry "AUT"]
[WhiteTeam "ASK Salzburg"]
[BlackTeam "Pradl"]

1. e4 Nf6 2. Nc3 d5 3. e5 d4 4. exf6 dxc3 5. bxc3 exf6 6. Bc4 Bd6 7. Ne2 O-O 8.
O-O Nc6 9. d4 Bg4 10. f3 Bf5 11. Ng3 Ne7 12. Nxf5 Nxf5 13. Rb1 b6 14. Qd3 Ne7
15. f4 c6 16. a4 Qd7 17. Qf3 Rac8 18. Bd3 f5 19. Bd2 Bb8 20. Rfe1 Rfe8 21. Re2
g6 22. Rbe1 Nd5 23. c4 Nf6 24. Bc3 Rxe2 25. Rxe2 Qd6 26. d5 Nxd5 27. cxd5 Qc5+
28. Re3 Qxc3 29. Ba6 Qa1+ 30. Kf2 Rd8  1/2-1/2

[Event "2. Bundesliga West 2017/18"]
[Site "Kufstein; NMS II, Sporthalle Fischergries"]
[Date "2018.01.12"]
[Round "6"]
[Board "1"]
[White "Spornberger, Andre"]
[Black "Bertagnolli, Alexander"]
[Result "0-1"]
[WhiteElo "2355"]
[BlackElo "2372"]
[PlyCount "124"]
[EventDate "2017.10.13"]
[EventType "team"]
[EventRounds "11"]
[EventCountry "AUT"]
[WhiteTeam "Rochade Rum"]
[BlackTeam "Kufstein/Woergl"]

1. d4 Nf6 2. Bf4 g6 3. e3 d6 4. h3 Bg7 5. Nf3 O-O 6. Be2 Nfd7 7. Bh2 e5 8. O-O
Re8 9. c4 e4 10. Nfd2 Nf6 11. Nc3 h5 12. b4 Bf5 13. c5 d5 14. Qb3 Nc6 15. Rab1
Ne7 16. Nb5 c6 17. Nc7 a6 18. Nxa8 Qxa8 19. a4 Qc8 20. b5 axb5 21. axb5 Bxh3
22. gxh3 Qxh3 23. Rfc1 Nf5 24. Qd1 Nxd4 25. exd4 e3 26. Nf1 exf2+ 27. Kh1 Bh6
28. Rc2 Bf4 29. Qd3 Re3 30. Qxe3 Bxe3 31. Rc3 Qf5 32. Rxe3 Qxb1 33. bxc6 bxc6
34. Kg2 Qb2 35. Be5 Ne4 36. Bd3 f6 37. Bxe4 fxe5 38. Bxg6 Qxd4 39. Bxh5 e4 40.
Kxf2 Qxc5 41. Bd1 Qd4 42. Ke2 c5 43. Rg3+ Kf8 44. Ne3 Qd3+ 45. Ke1 Qc3+ 46. Kf1
d4 47. Nf5 Qd2 48. Bg4 Qf4+ 49. Kg2 Kf7 50. Kh3 Kf6 51. Kg2 d3 52. Ne3 Ke5 53.
Bd7 Kd4 54. Nf5+ Kc3 55. Ne3 Kd2 56. Nc4+ Kc3 57. Ne3 Qf7 58. Bf5 Kd4 59. Bg6
Qxg6 60. Rxg6 Kxe3 61. Kf1 d2 62. Rg3+ Kf4  0-1

[Event "2. Bundesliga West 2017/18"]
[Site "Kufstein; NMS II, Sporthalle Fischergries"]
[Date "2018.01.12"]
[Round "6"]
[Board "2"]
[White "Koepke, Christian"]
[Black "Gatterer, Florian"]
[Result "1-0"]
[WhiteElo "2290"]
[BlackElo "2271"]
[PlyCount "95"]
[EventDate "2017.10.13"]
[EventType "team"]
[EventRounds "11"]
[EventCountry "AUT"]
[WhiteTeam "Kufstein/Woergl"]
[BlackTeam "Rochade Rum"]

1. e4 c5 2. Nf3 g6 3. d4 cxd4 4. Nxd4 Nc6 5. Nc3 Bg7 6. Be3 Nf6 7. Bc4 O-O 8.
Bb3 a6 9. f3 Qc7 10. Qd2 b5 11. O-O-O Bb7 12. h4 h5 13. Kb1 e6 14. Bh6 Rfd8 15.
Bxg7 Kxg7 16. Qg5 Nxd4 17. Rxd4 e5 18. Rdd1 Rac8 19. g4 Rh8 20. Ne2 Nh7 21. Qe3
Nf8 22. gxh5 Rxh5 23. Ng3 Rh8 24. Qg5 Qd8 25. Nf5+ Kg8 26. Ne7+ Kg7 27. Nf5+
Kg8 28. Ne7+ Kg7 29. Nxc8 f6 30. Qd2 Qxc8 31. Qd6 Qe8 32. Bd5 Bxd5 33. Qxd5 Qc8
34. Qd6 Kf7 35. f4 exf4 36. Qxf4 Ne6 37. Qd6 Ke8 38. Rdf1 Kf7 39. Rh2 Rf8 40.
h5 g5 41. e5 Kg8 42. exf6 Rf7 43. Qd3 Qc5 44. Qg6+ Kf8 45. h6 Nf4 46. h7 Nxg6
47. h8=R+ Nxh8 48. Rxh8#  1-0

[Event "2. Bundesliga West 2017/18"]
[Site "Kufstein; NMS II, Sporthalle Fischergries"]
[Date "2018.01.12"]
[Round "6"]
[Board "3"]
[White "Spornberger, Maximilian"]
[Black "Rusche, Johannes"]
[Result "1/2-1/2"]
[WhiteElo "2273"]
[BlackElo "2282"]
[PlyCount "87"]
[EventDate "2017.10.13"]
[EventType "team"]
[EventRounds "11"]
[EventCountry "AUT"]
[WhiteTeam "Rochade Rum"]
[BlackTeam "Kufstein/Woergl"]

1. e4 e5 2. Nf3 Nc6 3. Bc4 Nf6 4. d4 exd4 5. e5 d5 6. Bb5 Ne4 7. Nxd4 Bc5 8.
Be3 Bd7 9. Bxc6 bxc6 10. O-O Qe7 11. f4 f6 12. exf6 Qxf6 13. Nc3 Nxc3 14. bxc3
O-O 15. Qd2 Rae8 16. Rae1 Re4 17. f5 Bb6 18. Kh1 h6 19. Rf3 c5 20. Nb3 d4 21.
cxd4 cxd4 22. Bg1 Rxe1 23. Qxe1 c5 24. Qf1 Qe5 25. c3 Rxf5 26. cxd4 cxd4 27.
Rxf5 Bxf5 28. Nxd4 Be4 29. Nf3 Qd5 30. Bxb6 axb6 31. Qe2 Bxf3 32. gxf3 Kf7 33.
Kg2 Qg5+ 34. Kf2 Qc5+ 35. Kg2 Qd4 36. Qc2 Kf6 37. Qc6+ Kf5 38. Qc2+ Ke5 39. Qb3
Kf4 40. Qc2 Ke3 41. Qb3+ Kd2 42. a4 Ke2 43. Qb5+ Ke3 44. Qb3+  1/2-1/2

[Event "2. Bundesliga West 2017/18"]
[Site "Kufstein; NMS II, Sporthalle Fischergries"]
[Date "2018.01.12"]
[Round "6"]
[Board "4"]
[White "Maurer, Jochen"]
[Black "Paltrinieri, Nicholas"]
[Result "1/2-1/2"]
[WhiteElo "2211"]
[BlackElo "2300"]
[PlyCount "120"]
[EventDate "2017.10.13"]
[EventType "team"]
[EventRounds "11"]
[EventCountry "AUT"]
[WhiteTeam "Kufstein/Woergl"]
[BlackTeam "Rochade Rum"]

1. e4 e6 2. d4 d5 3. Nd2 c5 4. exd5 exd5 5. Ngf3 Nc6 6. Bb5 Bd6 7. O-O Nge7 8.
dxc5 Bxc5 9. Nb3 Bd6 10. Bg5 O-O 11. Bh4 Bg4 12. Bg3 Bxg3 13. hxg3 Qb6 14. Bxc6
bxc6 15. Qd4 Bxf3 16. gxf3 Nf5 17. Qe5 g6 18. Rfe1 Rad8 19. Rad1 Rd7 20. Qc3
Rb8 21. Kg2 d4 22. Qc4 Rd5 23. Qa4 Rbd8 24. c4 R5d7 25. c5 Qb7 26. Rd2 Rd5 27.
Na5 Qa6 28. b4 Rc8 29. Re4 h5 30. Qb3 Kg7 31. Qc4 Qxc4 32. Nxc4 g5 33. g4 hxg4
34. fxg4 Nh4+ 35. Kg3 f5 36. gxf5 Nxf5+ 37. Kg2 Kf6 38. Nd6 Nxd6 39. cxd6 d3
40. Re3 Rd8 41. Rdxd3 R8xd6 42. Ra3 Rd4 43. Rxa7 Rxb4 44. Ra6 Rc4 45. a4 Rc2
46. Ra8 Re6 47. Kf3 Rxe3+ 48. Kxe3 Ke6 49. a5 Ra2 50. a6 Kd6 51. a7 Kc7 52. Rg8
Rxa7 53. Rxg5 Kd6 54. f4 c5 55. f5 Ra3+ 56. Ke4 Ra4+ 57. Kd3 Rf4 58. Ke3 Rf1
59. Ke2 Rc1 60. Kd2 Rc4  1/2-1/2

[Event "2. Bundesliga West 2017/18"]
[Site "Kufstein; NMS II, Sporthalle Fischergries"]
[Date "2018.01.12"]
[Round "6"]
[Board "5"]
[White "Moroder, Stefan"]
[Black "Neuschmied, Siegfried"]
[Result "1/2-1/2"]
[WhiteElo "2212"]
[BlackElo "2155"]
[PlyCount "125"]
[EventDate "2017.10.13"]
[EventType "team"]
[EventRounds "11"]
[EventCountry "AUT"]
[WhiteTeam "Rochade Rum"]
[BlackTeam "Kufstein/Woergl"]

1. Nf3 Nf6 2. g3 b6 3. Bg2 Bb7 4. c4 e5 5. O-O d6 6. d4 exd4 7. Nxd4 Bxg2 8.
Kxg2 Be7 9. Nc3 O-O 10. e4 Re8 11. f3 Bf8 12. Qa4 Nfd7 13. Be3 Nc5 14. Qc2 Qd7
15. Rad1 Nc6 16. Nf5 Ne5 17. b3 Qc6 18. Rfe1 Qb7 19. h4 Rad8 20. h5 Re6 21. Nd5
c6 22. Nf4 Ree8 23. Rd2 g6 24. hxg6 hxg6 25. Nd4 Qc8 26. Qd1 Na6 27. Nc2 Nc7
28. Bf2 Qb8 29. Ne3 a6 30. Rh1 b5 31. cxb5 Qxb5 32. Nd3 Nxd3 33. Rxd3 d5 34.
exd5 Nxd5 35. Nxd5 Rxd5 36. Rxd5 cxd5 37. Re1 Rxe1 38. Qxe1 Bg7 39. Qf1 Qa5 40.
Qe2 Bf6 41. a4 d4 42. Be1 Qb6 43. Qc4 Kg7 44. Bd2 Qd6 45. Kf2 Be5 46. f4 Bf6
47. Bb4 Qd7 48. Qxa6 d3 49. Qd6 Qb7 50. Ke3 Kh7 51. Kxd3 Qf3+ 52. Kc4 Qe4+ 53.
Kb5 Qb7+ 54. Qb6 Qd5+ 55. Ka6 Bd4 56. Qb7 Qxb3 57. a5 Qc4+ 58. Qb5 Qc8+ 59. Qb7
Qc4+ 60. Qb5 Qc8+ 61. Qb7 Qc4+ 62. Qb5 Qc8+ 63. Qb7  1/2-1/2

[Event "2. Bundesliga West 2017/18"]
[Site "Kufstein; NMS II, Sporthalle Fischergries"]
[Date "2018.01.12"]
[Round "6"]
[Board "6"]
[White "Steinbacher, Thomas"]
[Black "Jedinger, Andreas"]
[Result "0-1"]
[WhiteElo "2095"]
[BlackElo "2108"]
[PlyCount "94"]
[EventDate "2017.10.13"]
[EventType "team"]
[EventRounds "11"]
[EventCountry "AUT"]
[WhiteTeam "Kufstein/Woergl"]
[BlackTeam "Rochade Rum"]

1. d4 e6 2. e4 d5 3. Nc3 Nf6 4. Bg5 Bb4 5. e5 h6 6. Be3 Ne4 7. Nge2 c5 8. a3
Bxc3+ 9. Nxc3 Nxc3 10. bxc3 Qa5 11. Qd2 Nc6 12. dxc5 Nxe5 13. Bd4 f6 14. Be2
O-O 15. O-O Bd7 16. Rfb1 Bc6 17. Qe3 Rae8 18. Bxe5 fxe5 19. Rb4 Qc7 20. Rg4 Rf4
21. g3 Rf6 22. Rf1 Ref8 23. Rh4 Be8 24. f3 Qa5 25. Rb4 Bc6 26. Kg2 Qxa3 27.
Qxe5 a5 28. Rg4 Qxc5 29. Bd3 Qe7 30. Rd4 Qa3 31. Qe1 Qc5 32. f4 b5 33. Qa1 a4
34. h4 e5 35. fxe5 Rxf1 36. Bxf1 b4 37. Qd1 Qxc3 38. Qg4 Qxc2+ 39. Kh3 Rxf1 40.
Qe6+ Kh7 41. Rf4 Rh1+ 42. Kg4 Qe2+ 43. Rf3 h5+ 44. Kf4 Qe4+ 45. Kg5 Qxf3 46.
Qg6+ Kh8 47. Qd6 Qg4#  0-1

[Event "2. Bundesliga West 2017/18"]
[Site "Kufstein; NMS II, Sporthalle Fischergries"]
[Date "2018.01.12"]
[Round "6"]
[Board "1"]
[White "Michalik, Peter"]
[Black "Nayhebaver, Martin"]
[Result "1-0"]
[WhiteElo "2546"]
[BlackElo "2440"]
[PlyCount "153"]
[EventDate "2017.10.13"]
[EventType "team"]
[EventRounds "11"]
[EventCountry "AUT"]
[WhiteTeam "Zillertal"]
[BlackTeam "Bregenz"]

1. d4 Nf6 2. c4 e6 3. Nf3 b6 4. g3 Ba6 5. Qc2 Bb7 6. Bg2 c5 7. d5 exd5 8. cxd5
Nxd5 9. O-O Be7 10. Rd1 Nc6 11. Qa4 Nf6 12. Nh4 O-O 13. Nf5 d5 14. Nc3 Nd4 15.
Nxd4 cxd4 16. Qxd4 Bc5 17. Qa4 Qe7 18. Bg5 d4 19. Bxf6 Qxf6 20. Bxb7 dxc3 21.
Bxa8 cxb2 22. Rab1 Qxf2+ 23. Kh1 Rxa8 24. Qe4 Rf8 25. Rxb2 Qf6 26. Rbd2 a5 27.
Qf3 Qe6 28. Rf1 Re8 29. Qb3 Qxb3 30. axb3 f6 31. Rf3 Kf7 32. Kg2 Re4 33. Kf1 a4
34. bxa4 Rxa4 35. Rd7+ Kg6 36. Rf4 Ra1+ 37. Kg2 h5 38. h4 Rg1+ 39. Kh2 Re1 40.
Re4 Kh7 41. Rd3 Bg1+ 42. Kg2 Bc5 43. e3 Rc1 44. Rd7 Rc3 45. Kf3 Ra3 46. Re8 Rb3
47. Ke2 Rb2+ 48. Kf3 Rb3 49. Rd2 Ra3 50. Re4 Rb3 51. Ke2 Ra3 52. Re6 Kg6 53.
Re4 Kh7 54. Kf3 Rb3 55. Rd5 Kh6 56. Rd8 Kh7 57. Rde8 Ra3 58. g4 hxg4+ 59. Rxg4
Ra1 60. Rd8 Re1 61. Rd3 g6 62. Ra4 Kh6 63. Ra7 g5 64. hxg5+ Kxg5 65. Ra8 Kf5
66. Re8 Rf1+ 67. Ke2 Ra1 68. Rd7 Rh1 69. Rg7 Rh2+ 70. Kd3 Rh3 71. Rg2 Rf3 72.
Rg7 Rh3 73. Rg1 Rf3 74. Ke2 Rh3 75. e4+ Kf4 76. Rf1+ Kg3 77. Rxf6  1-0

[Event "2. Bundesliga West 2017/18"]
[Site "Kufstein; NMS II, Sporthalle Fischergries"]
[Date "2018.01.12"]
[Round "6"]
[Board "2"]
[White "Sergeev, Vladimir"]
[Black "Lanka, Zigurds"]
[Result "1/2-1/2"]
[WhiteElo "2417"]
[BlackElo "2426"]
[PlyCount "78"]
[EventDate "2017.10.13"]
[EventType "team"]
[EventRounds "11"]
[EventCountry "AUT"]
[WhiteTeam "Bregenz"]
[BlackTeam "Zillertal"]

1. Nf3 Nf6 2. e3 g6 3. b4 Bg7 4. Bb2 O-O 5. c4 d6 6. d4 c5 7. a3 cxd4 8. exd4
Nh5 9. g3 e5 10. dxe5 Nc6 11. Nc3 Bg4 12. Be2 dxe5 13. h3 Bxf3 14. Bxf3 e4 15.
Qxd8 Raxd8 16. Bxh5 gxh5 17. Na4 Nd4 18. O-O-O b6 19. Nc3 f5 20. Nd5 Ne6 21.
Ne7+ Kh8 22. Bxg7+ Kxg7 23. Rxd8 Nxd8 24. Rd1 f4 25. gxf4 Ne6 26. Rd7 Nxf4 27.
Nd5+ Kg6 28. Nxf4+ Rxf4 29. Rxa7 Rxf2 30. h4 Rf3 31. Kd2 Rd3+ 32. Ke2 Rc3 33.
Rb7 Kf5 34. Rxb6 Rxc4 35. a4 Kf4 36. Rf6+ Ke5 37. Rb6 Kf4 38. Rf6+ Ke5 39. Rb6
Kf4  1/2-1/2

[Event "2. Bundesliga West 2017/18"]
[Site "Kufstein; NMS II, Sporthalle Fischergries"]
[Date "2018.01.12"]
[Round "6"]
[Board "3"]
[White "Hausner, Ivan"]
[Black "Dobosz, Henryk"]
[Result "1/2-1/2"]
[WhiteElo "2321"]
[BlackElo "2378"]
[PlyCount "61"]
[EventDate "2017.10.13"]
[EventType "team"]
[EventRounds "11"]
[EventCountry "AUT"]
[WhiteTeam "Zillertal"]
[BlackTeam "Bregenz"]

1. c4 g6 2. Nc3 Bg7 3. g3 Nf6 4. Bg2 O-O 5. Nf3 c6 6. d4 d5 7. Ne5 e6 8. O-O
Nbd7 9. Nxd7 Nxd7 10. cxd5 cxd5 11. Qd3 Nb8 12. e3 Nc6 13. Bd2 Bd7 14. Rfc1 Qe7
15. a3 Rfc8 16. b4 Qd8 17. Qb1 Ne7 18. Qb3 Nf5 19. Na4 Nd6 20. Nb2 Rxc1+ 21.
Rxc1 Rc8 22. Qd1 Rc7 23. Bf1 Qc8 24. Rxc7 Qxc7 25. Qc1 Qxc1 26. Bxc1 Bb5 27.
Bxb5 Nxb5 28. a4 Nd6 29. Kf1 h5 30. Bd2 Bf8 31. Ke2  1/2-1/2

[Event "2. Bundesliga West 2017/18"]
[Site "Kufstein; NMS II, Sporthalle Fischergries"]
[Date "2018.01.12"]
[Round "6"]
[Board "4"]
[White "Hess, Max"]
[Black "Maiwald, Jens-Uwe"]
[Result "1-0"]
[WhiteElo "2251"]
[BlackElo "2452"]
[PlyCount "107"]
[EventDate "2017.10.13"]
[EventType "team"]
[EventRounds "11"]
[EventCountry "AUT"]
[WhiteTeam "Bregenz"]
[BlackTeam "Zillertal"]

1. e4 c5 2. Nf3 e6 3. b3 a6 4. g3 d5 5. exd5 exd5 6. Bg2 Qe7+ 7. Qe2 Nc6 8. Bb2
Bf5 9. d4 Nb4 10. Na3 Bxc2 11. Qxe7+ Nxe7 12. O-O Be4 13. dxc5 Nd3 14. Bc3 Nc6
15. Nc2 Nxc5 16. Ne3 Ne6 17. Rfd1 Rd8 18. Bb2 Bc5 19. Rac1 O-O 20. Nh4 Bxe3 21.
fxe3 g6 22. Bf6 Rde8 23. Bxe4 dxe4 24. Rd7 Ned8 25. g4 Nb8 26. Rdc7 Re6 27. g5
Rc6 28. R1xc6 Nbxc6 29. Ng2 Ne6 30. Rxb7 Rb8 31. Rd7 Nb4 32. a3 Nd3 33. Ra7 Kf8
34. b4 Rc8 35. Nf4 Nexf4 36. exf4 Rc1+ 37. Kg2 Nxf4+ 38. Kf2 Rc2+ 39. Ke3 Nd5+
40. Kxe4 Nxf6+ 41. gxf6 Ke8 42. Rxa6 Kd7 43. b5 Rxh2 44. a4 h5 45. a5 Rb2 46.
Ra7+ Ke6 47. b6 h4 48. Ra8 h3 49. Rh8 h2 50. Kf3 Kf5 51. Kg3 g5 52. Kf3 Rb5 53.
Kg2 Rb2+ 54. Kg3  1-0

[Event "2. Bundesliga West 2017/18"]
[Site "Kufstein; NMS II, Sporthalle Fischergries"]
[Date "2018.01.12"]
[Round "6"]
[Board "5"]
[White "Tabernig, Bernhard"]
[Black "Bezler, Rainer"]
[Result "1/2-1/2"]
[WhiteElo "2328"]
[BlackElo "2197"]
[PlyCount "60"]
[EventDate "2017.10.13"]
[EventType "team"]
[EventRounds "11"]
[EventCountry "AUT"]
[WhiteTeam "Zillertal"]
[BlackTeam "Bregenz"]

1. d4 d5 2. c4 c6 3. Nc3 Nf6 4. e3 e6 5. Qc2 Nbd7 6. Bd2 Bd6 7. c5 Bc7 8. f4 b6
9. b4 a5 10. cxb6 Bxb6 11. bxa5 Bxa5 12. Nf3 O-O 13. Ne5 Nxe5 14. dxe5 Bxc3 15.
Bxc3 Ne4 16. Bd3 Nxc3 17. Qxc3 Qa5 18. Qxa5 Rxa5 19. Kd2 Ba6 20. Bxa6 Rxa6 21.
Rhc1 Rfa8 22. a4 h5 23. a5 Rxa5 24. Rxa5 Rxa5 25. Rxc6 Kh7 26. Ke2 Ra2+ 27. Kf3
Kg6 28. Rc7 Ra3 29. Rd7 f6 30. exf6 Kxf6  1/2-1/2